Алгоритмы и структуры данных: учебное пособие

Dades bibliogràfiques
Autor principal: Фофанов О. Б. Олег Борисович
Autor corporatiu: Национальный исследовательский Томский политехнический университет (ТПУ) Институт кибернетики (ИК) Кафедра оптимизации систем управления (ОСУ)
Sumari:Заглавие с титульного экрана
Электронная версия печатной публикации
В пособии кратко изложены базовые понятия теории алгоритмов, методы оценки временной и пространственной сложности. Подробно рассмотрена концепция абстрактных типов данных, основные структуры, реализующие абстрактные типы данных, их линейные и динамические представления. Описаны алгоритмы сортировки, поиска и модификации данных в различных структурах данных. Предназначено для студентов, обучающихся по направлениям "Программная инженерия", "Информатика и вычислительная техника", "Прикладная информатика"
AM_TPU_network
Idioma:rus
Publicat: Томск, Изд-во ТПУ, 2014
Matèries:
Accés en línia:http://www.lib.tpu.ru/fulltext2/m/2015/m049.pdf
Format: MixedMaterials Electrònic Llibre
KOHA link:https://koha.lib.tpu.ru/cgi-bin/koha/opac-detail.pl?biblionumber=286430

MARC

LEADER 00000nam0a2200000 4500
001 286430
005 20260413161727.0
035 |a (RuTPU)RU\TPU\book\310740 
035 |a RU\TPU\book\310727 
090 |a 286430 
100 |a 20150305d2014 m y0rusy50 ca 
101 0 |a rus 
102 |a RU 
105 |a a j 001zy 
135 |a drcn ---uucaa 
181 0 |a i   |b  e  
182 0 |a b 
183 |a cr  |2 RDAcarrier 
200 1 |a Алгоритмы и структуры данных  |e учебное пособие  |f О. Б. Фофанов  |g Национальный исследовательский Томский политехнический университет (ТПУ) 
203 |a Текст  |c электронный  |b визуальный 
210 |a Томск  |c Изд-во ТПУ  |d 2014 
283 |a online_resource  |2 RDAcarrier 
300 |a Заглавие с титульного экрана 
300 |a Электронная версия печатной публикации 
330 |a В пособии кратко изложены базовые понятия теории алгоритмов, методы оценки временной и пространственной сложности. Подробно рассмотрена концепция абстрактных типов данных, основные структуры, реализующие абстрактные типы данных, их линейные и динамические представления. Описаны алгоритмы сортировки, поиска и модификации данных в различных структурах данных. Предназначено для студентов, обучающихся по направлениям "Программная инженерия", "Информатика и вычислительная техника", "Прикладная информатика" 
371 0 |a AM_TPU_network 
606 1 |a Алгоритмы составления программ  |2 stltpush  |3 (RuTPU)RU\TPU\subj\69508  |9 84343 
610 1 |a электронный ресурс 
610 1 |a учебные пособия 
610 1 |a труды учёных ТПУ 
610 1 |a структуры данных 
610 1 |a временная сложность 
610 1 |a пространственная сложность 
610 1 |a данные 
610 1 |a поиск 
610 1 |a сортировка 
610 1 |a бинарные деревья 
610 1 |a хеширование 
675 |a 004.421  |v 4 
700 1 |a Фофанов  |b О. Б.  |c специалист в области информатики и вычислительной техники  |c доцент Томского политехнического университета, кандидат технических наук   |f 1949-  |g Олег Борисович  |3 (RuTPU)RU\TPU\pers\26758  |9 12401 
712 0 2 |a Национальный исследовательский Томский политехнический университет (ТПУ)  |b Институт кибернетики (ИК)  |b Кафедра оптимизации систем управления (ОСУ)  |3 (RuTPU)RU\TPU\col\18702 
801 1 |a RU  |b 63413507  |c 20130423 
801 2 |a RU  |b 63413507  |c 20160614  |g RCR 
856 4 0 |u http://www.lib.tpu.ru/fulltext2/m/2015/m049.pdf  |z http://www.lib.tpu.ru/fulltext2/m/2015/m049.pdf 
942 |c CF